| 000 | 00652nam a2200265Ia 4500 | ||
|---|---|---|---|
| 005 | 20260306164332.0 | ||
| 008 | 008 260114s9999 xx 000 0 eng d | ||
| 020 | _a9780226206981 | ||
| 037 | _aEBOOK | ||
| 040 | _aCRL | ||
| 040 | _beng | ||
| 040 | _cCRL | ||
| 041 | _2eng | ||
| 041 | _aeng | ||
| 084 | _qCRL | ||
| 100 |
_aGoldfarb, Greenstein, Tucker _91130476 |
||
| 245 | 0 | _aEconomic Analysis Of The Digital Economy | |
| 260 | _bUniversity of Chicago Press | ||
| 260 | _c2015 | ||
| 650 | _aEconomics & Finance | ||
| 856 | _uhttps://academic.oup.com/book/22319 | ||
| 942 | _cEBOOK | ||
| 999 |
_c1713693 _d1713693 |
||